Yakın çağlar tarihi / (Record no. 14546)

MARC details
000 -BAŞLIK
Sabit Uzunlukta Kontrol Alanı 00750nam a2200229 4500
999 ## - SİSTEM KONTROL NUMARALARI (KOHA)
Koha Biblionumber 14546
Koha Biblioitemnumber 14546
003 - KONTROL NUMARASI IDENTIFIER
Denetim Alanı MIRAKIL
005 - SON İŞLEM TARİHİ VE ZAMANI
Denetim Alanı 20211014164904.0
008 - SABİT-BOY VERİ ELEMANLARI - GENEL BİLGİLER
Sabit Uzunlukta Kontrol Alanı 211014b tu ||||| |||| 00| 0 tur d
040 ## - KATALOGLAMA KAYNAK
Orijinal Kataloglama Ajansı TR-AnCHP
Metne Dönüştürmek Ajansı TR-AnCHP
041 ## - DİL KODU
Metin / Ses Parça Veya Ayrı Başlığın Dil Kodu Tur
082 ## - DEWEY ONLU SINIFLANDIRMA NUMARASI
Sınıflandırma Numarası 909
Ürün Numarası M25y 1977
100 ## - ANA GİRİŞ - KİŞİSEL İSİM
Kişisel Ad Manfred, A.Z.
245 10 - BAŞLIK TABLOSU
Başlık Yakın çağlar tarihi /
Sorumluluk Tablosu, Vb A.Z. Manfred ; çeviren Ergün Tuncalı
260 ## - YAYIN, DAĞITIM, VB
Yayın, Dağıtım, Vb Yeri İstanbul:
Yayıncı, Dağıtıcı, Vs Adı Konuk Yayınları,
Yayın, Dağıtım, Vb Tarihi 1977.
300 ## - FİZİKSEL TANIM
Kapsam 336 s.:
Boyutlar 19 sm.
490 0# - SERİSİ TABLOSU
Seri Beyanı Konuk Yayınları ;
-- Genel Sıra no :
-- Sosyalizm Kitaplığı Büyük Boy ;
Hacim / Ardışık Tanımı 60.
-- 2.
650 #0 - KONU KATMA GİRİŞ - TOPİKAL DÖNEM
9 (RLIN) 6756
Topikal Süreli Veya Coğrafi Ad Giriş Elemanı Dünya tarihi
650 #4 - KONU KATMA GİRİŞ - TOPİKAL DÖNEM
9 (RLIN) 1099
Topikal Süreli Veya Coğrafi Ad Giriş Elemanı Tarih
Genel Alt Bölümü yakınçağ
700 1# - KATMA GİRİŞ - KİŞİSEL İSİM
9 (RLIN) 4873
Kişisel Ad Tuncalı, Ergün
Relator Terim çev.
740 ## - KATMA GİRİŞ - KONTROLSUZ İLGİLİ / ANALİTİK BAŞLIK
Kontrol Edilmeyen / İlgili Analitik Başlıktaki İkinci Dünya Savaşından günümüze
942 ## - EKLENDİ GİRİŞ ELEMANLARI (KOHA)
Sınıflandırma Veya Raf Düzeni Kaynak Dewey Decimal Classification
Koha Öğesi Türü Books
Holdings
Kalıcı Konum Mevcut Konum Edinme Tarihi Toplam Check-Out'Lar Tam Çağrı Numarası Barkod Tarih Son Görülme Kopya Sayısı İtibaren Geçerli Fiyatlar Sigara Kamu Notu Koha Öğesi Türü
CHP Kütüphanesi CHP Kütüphanesi 10/14/2021   909 M25y 1977 020043 10/14/2021 c.3 10/14/2021 Emin Değer Bağışıdır. Books